Komparácia vzťahu študentov k podnikaniu na vybranej fakulte na Slovensku
Analýza predpokladov, pripravenosti a postojov študentov Fakulty podnikového manažmentu Ekonomickej univerzity v Bratislave k podnikaniu. Porovnanie preferencií študentov medzi žačatím podnikania alebo zamestnaní sa vo fungujúcej firme po ukončení štúdia.
Guardado en:
| Autor principal: | |
|---|---|
| Otros Autores: | |
| Formato: | Capítulo de libro |
| Lenguaje: | eslovaco |
| Materias: | |
| Etiquetas: |
Sin Etiquetas, Sea el primero en etiquetar este registro!
|
MARC
| LEADER | 00000naa$a2200000$$$4500 | ||
|---|---|---|---|
| 001 | 0209426 | ||
| 005 | 20240502073459.5 | ||
| 041 | 0 | |a slo | |
| 044 | |a SK | ||
| 245 | 1 | 0 | |a Komparácia vzťahu študentov k podnikaniu na vybranej fakulte na Slovensku |c Elena Šúbertová, Andrej Kovalev |
| 520 | |a Analýza predpokladov, pripravenosti a postojov študentov Fakulty podnikového manažmentu Ekonomickej univerzity v Bratislave k podnikaniu. Porovnanie preferencií študentov medzi žačatím podnikania alebo zamestnaní sa vo fungujúcej firme po ukončení štúdia. | ||
| 610 | 2 | 0 | |a vzdelávanie vysokoškolské |
| 610 | 2 | 0 | |a študenti |
| 610 | 2 | 0 | |a prieskum |
| 610 | 2 | 0 | |a podnikanie |
| 610 | 2 | 0 | |a univerzity |
| 610 | 2 | 0 | |a fakulty |
| 100 | 1 | |a Šúbertová, Elena | |
| 700 | 1 | |a Kovalev, Andrej | |